MDQL
is popping MORE tags! Check the
thread
!
Quizzes
Events
Quiz Creation
Community
Videos
Private Events
Remove Ads
Sign In
Join for FREE
Feedback
Dark Mode
Quiz Categories
Sports
Geography
Music
Movies
Television
Just For Fun
Miscellaneous
History
Literature
Language
Science
Gaming
Entertainment
Religion
Holiday
For Kids
Quiz Lab
Recent
Popular Today
Quiz Kudos Today
Editor Picks
Curator Picks
Quizzes by...
Day
Popularity
Type
Ratings
Length
Year
Community
Subscriptions
Recent Discussions
Orange Saloon
Badges
Playlists
Quests
Create
Leaderboards
Showdown
Live 5
Trivia Bingo
Activity
Puzzle Library
Sporcle Events
Private Events
Virtual Trivia
Globe League
Become a Host
Pub Owners
SporcleCon
Opinionation
Our Games
Videos
Blog
Mobile Apps
Partnerships
Remove Ads and Go Orange
Feedback
Sports
Athletes
MLB
NBA
NHL
NFL
Soccer
Sports Teams
WWE
NCAA
Football
Premier League
Basketball
Baseball
Hockey
Golf
Tennis
Cricket
Rugby
Auto Racing
Olympics
World Cup
Sports
Athletes
MLB
NBA
NHL
NFL
Soccer
Sports Teams
WWE
NCAA
Football
Premier League
Basketball
Baseball
Hockey
Golf
Tennis
Cricket
Rugby
Auto Racing
Olympics
World Cup
Random Quiz
Search Sporcle
×
Quiz Lab
Quiz Lab
Sports
Country
Type in answers that appear in a list
Type in answers that appear in a list
Classic
Best Score? Go Orange.
Name Every Team To Win The Europa League Stats
Can you Name Every Team To Win The Europa League?
By
BallsQuizzes
8m
28 Questions
17K Plays
17,006 Plays
17,006 Plays
Comments
Comments
Give Quiz Kudos
Give Quiz Kudos
-
- Ratings
hide this ad
Replay
Link that replays current quiz
Next Quiz
Link to next quiz in quiz playlist
You Got
0%
They Got
Avg Score
49%
Avg Friend Score
Upgrade to see
Score Distribution
Jump to the score distribution portion of the page
Score
0/28
Timer
08:00
0
Plays Today
Times Won
Team
% Correct
3
Liverpool
92%
3
inter Milan
91%
2
Chelsea
89.7%
1
Manchester United
87.7%
3
Juventus
87%
5
Sevilla
85.8%
1
Ajax
84.1%
2
Porto
68.7%
1
PSV
66.3%
2
Real Madrid
63.1%
3
Atletico Madrid
62.6%
1
Bayern Munich
62.5%
1
Valencia
57.9%
1
Napoli
46.5%
Times Won
Team
% Correct
2
Feyenoord
43.4%
1
Anderlecht
39.5%
1
Schalke
38%
1
Galatasaray
35.4%
2
Tottenham Hotspur
33%
2
Parma
30.7%
1
CSKA Moscow
29%
1
Bayer Leverkusen
21.7%
2
IFK Goteburg
16.2%
1
Eintracht Frankfurt
16.1%
1
Shakhtar Donetsk
13.3%
1
Ipswich Town
13.2%
2
Borussia Monchengladbach
10.6%
1
Zenit Saint Petersburg
6.5%
Quiz Playlist
Details
Report
Send in Message
Add To Playlist
Classic:
Type in answers that appear in a list
Last Updated: May 18, 2020
Quiz Scoreboard
CHALLENGE
Sign Up to Join the Scoreboard
Show All
Scores
Hide
Comments
May contain spoilers
Recently Published
1-10 Letter E Words III
by El_Dandy
Language
2m
Street Fighter Characters
by Artimus82
Gaming
60s
College Basketball Coaching Resumes
by pancakes188
Sports
9m
More to Explore
Quiz From the Vault
Featured Blog Post
Where Did the Easter Bunny Come From?
hide this ad
You Might Also Like...
Tags
Country Quiz
europa
League
team
Win
Won
Today's Top Quizzes in Sports
Browse Sports
hide this ad
Today's Top Quizzes in Country
Browse Country
Top Contributed Quizzes in Sports
1
2022 World Cup Stars
2
Les meilleurs buteurs des matchs entre le PSG et l’OM
3
FIFA Club World Cup Champions
4
Les entraîneurs de l'OM et du PSG au 21e siècle
5
Criteria MLB: Left Handed Sluggers
6
2023 MLB Unique Player Accomplishments
7
AFC Teams Reveal (Wrong Answers Minefield)
8
Players with Multiple 50 Home Run Seasons
9
5-to-1: FBS Animal Nicknames
10
5-to-1: UK Sports Teams
Explore More
Trending Topics
NBA
Kpop
Disney
Harry Potter
Anime
Crossword
Marvel
WWE
Pokémon
NFL
Song
Country
Puzzle
The Office
Soccer
hide this ad
More By:
BallsQuizzes
Quiz
Plays
Rating
Category
Featured
Created
Name The Top All-Time Scorers For These Clubs
69,909
4.17
Sports
Jun 15, 2020
Nations With Most FIFA World Cup Appearances
62,366
4.10
Sports
May 14, 2020
Name The Most Frequent Winners Of These Tournaments
43,093
3.27
Sports
May 17, 2020
Longest Serving Players In The Premier League
40,022
3.75
Sports
Nov 11, 2019
Manchester United Premier League Goalscorers
34,957
3.75
Sports
Mar 10, 2017
Go to Creator's Profile
Score Distribution
Quiz Creator Spotlight
BallsQuizzes
Follow
Send a Message
Quizzes Created
-
Created Quiz Play Count
-
More By This Creator
Popular Quizzes Today
1
Find the US States - No Outlines Minefield
2
Find the Countries of Europe - No Outlines Minefield
3
The Countries of the World
4
Find the US States
5
Risky Map Clicking: Biggest States A-Z
6
US States
7
Popular People in 1961
8
Movies - When Are They Set?
More Sports Quizzes
Quick Pick: Australian Grand Prix Winners (Since 2000)
Curator's Pick
Trending Quizzes
Risky Map Clicking: Least Populous States A-Z
1-10 Letter G Words
1-10 Letter F Words
Countries of the World: 200 Million BC
Risky Map Clicking: Next State Alphabetically
Recently Updated
Beyoncé Albums
pecheneg
Leaping Animals
pecheneg
Reality TV Shows (A-Z)
bhenderson79
Rickey Henderson's Hall of Fame Teammates
pecheneg
Champions League XIs: Arsenal
pecheneg
Quick Pick: Celebrities in WWE's Hall of Fame
aduchscher
A-Z Keypad Blitz II
pecheneg
Multiple Oscar Actors
pecheneg
Mystery Phrase Blitz: Oscar 'Best Actors'
pecheneg
F. Scott Fitzgerald Novels
LTH
Trending Topics
Anime
Kpop
Crossword
NBA
Harry Potter
Marvel
Disney
Song
Puzzle
Country
NFL
WWE
The Office
Pokémon
Soccer
Your Account Isn't Verified!
In order to create a playlist on Sporcle, you need to verify the email address you used during registration. Go to your
Sporcle Settings
to finish the process.
Report this User
Report this user for behavior that violates our
Community Guidelines
.
Details:
Send Report
Go to the Sporcle.com Mobile Site →
Comments